[Event "ESP-chT CECLUB Div2"]
[Site "Linares"]
[Date "2022.08.23"]
[Round "2.3"]
[White "Sanchez Dengra, Barbara"]
[Black "Lopez del Alamo, Antonio"]
[Result "0-1"]
[WhiteElo "1937"]
[BlackElo "2240"]
[PlyCount "78"]
[EventDate "2022.08.22"]
[EventType "team-swiss"]
[EventRounds "7"]
[EventCountry "ESP"]
[SourceTitle "CBM 209 Extra"]
[Source "ChessBase"]
[SourceDate "2022.09.30"]
[SourceVersion "1"]
[SourceVersionDate "2022.09.30"]
[SourceQuality "1"]
[WhiteTeam "Enric Valor CC"]
[BlackTeam "Villalba 64 Miscasa"]
[WhiteTeamCountry "ESP"]
[BlackTeamCountry "ESP"]

1. e4 c5 2. Nf3 Nc6 3. d4 cxd4 4. Nxd4 Nf6 5. Nc3 d6 6. Be2 e5 7. Nb3 Be7 8. Bg5 Be6 9. Bxf6 Bxf6 10. Bg4 0-0 11. Qf3 Nd4 12. Nxd4 exd4 13. Ne2 Qa5+ 14. Kf1 Bxg4 15. Qxg4 Rac8 16. Rd1 Rxc2 17. Nf4 g6 18. Nd3 Qxa2 19. h4 Qe6 20. Qxe6 fxe6 21. Rh3 a5 22. Kg1 e5 23. Ra1 b6 24. Ra3 d5 25. f3 dxe4 26. fxe4 Re2 27. Rb3 Bd8 28. h5 Rxe4 29. hxg6 hxg6 30. Rb5 Bc7 31. Rd5 Rf7 32. Rg3 Kg7 33. Rf3 Re7 34. Kf2 Rg4 35. Ne1 e4 36. Ra3 d3 37. Ra1 Bg3+ 38. Kg1 Rf4 39. b3 Bf2+ 0-1

[Event "ESP-chT CECLUB Div2"]
[Site "Linares"]
[Date "2021.08.09"]
[Round "1.4"]
[White "Martin Carmona, Gaston Manuel"]
[Black "Sanchez Dengra, Barbara"]
[Result "1-0"]
[WhiteElo "2333"]
[BlackElo "1941"]
[PlyCount "64"]
[EventDate "2021.08.09"]
[EventType "team-swiss"]
[EventRounds "7"]
[EventCountry "ESP"]
[SourceTitle "CBM 203 Extra"]
[Source "ChessBase"]
[SourceDate "2021.09.30"]
[SourceVersion "1"]
[SourceVersionDate "2021.09.30"]
[SourceQuality "1"]
[WhiteTeam "Prodomasa Coin"]
[BlackTeam "Enric Valor CC"]
[WhiteTeamCountry "ESP"]
[BlackTeamCountry "ESP"]

1. d4 d5 2. Bf4 Nf6 3. e3 c5 4. c3 Nc6 5. Nd2 g6 6. Ngf3 Bg7 7. Bd3 Nh5 8. Bg5 h6 9. Bh4 cxd4 10. cxd4 Qd6 11. Rc1 0-0 12. 0-0 Bg4 13. Qb3 Rfc8 14. Rc5 Be6 15. Rfc1 b6 16. R5c3 Na5 17. Qa4 Rxc3 18. Rxc3 Bd7 19. Bb5 Bxb5 20. Qxb5 a6 21. Qa4 Qd8 22. Qc2 Bf6 23. Bxf6 Nxf6 24. Ne5 Kg7 25. h3 b5 26. b3 Nd7 27. Nxd7 Qxd7 28. Rc7 Qd6 29. Qc5 Rd8 30. Nf3 Kf6 31. Ne5 Qxc5 32. Rxc5 Rd6 1-0

[Event "ESP-chT CECLUB Div2"]
[Site "Linares"]
[Date "2019.08.22"]
[Round "5.3"]
[White "Calzetta Ruiz, Monica"]
[Black "Sanchez Dengra, Barbara"]
[Result "1-0"]
[WhiteElo "2257"]
[BlackElo "1983"]
[PlyCount "45"]
[EventDate "2019.08.19"]
[EventType "team-swiss"]
[EventRounds "7"]
[EventCountry "ESP"]
[SourceTitle "EXT 2020"]
[Source "ChessBase"]
[SourceDate "2019.10.17"]
[SourceVersion "1"]
[SourceVersionDate "2019.10.17"]
[SourceQuality "1"]
[WhiteTeam "Villalba 64"]
[BlackTeam "Enric Valor CC"]
[WhiteTeamCountry "ESP"]
[BlackTeamCountry "ESP"]

1. e4 c6 2. d4 d5 3. e5 c5 4. dxc5 Nc6 5. Nf3 Bg4 6. c3 e6 7. Be3 Bxf3 8. Qxf3 Nxe5 9. Bb5+ Nc6 10. 0-0 Nf6 11. c4 a6 12. Ba4 Qa5 13. Nc3 0-0-0 14. cxd5 Ne5 15. Qg3 Nxd5 16. Qxe5 Nxc3 17. bxc3 Qxa4 18. Bf4 Qc6 19. Qb8+ Kd7 20. Rad1+ Bd6 21. Rxd6+ Ke7 22. Rxc6 Rxb8 23. Rb6 1-0

[Event "La Vila Region-ch"]
[Site "La Vila"]
[Date "2015.10.31"]
[Round "4.8"]
[White "Sanchez Dengra, Barbara"]
[Black "Galiana Fernandez, Adrian"]
[Result "0-1"]
[WhiteElo "1840"]
[BlackElo "2076"]
[PlyCount "74"]
[EventDate "2015.10.03"]
[EventType "swiss"]
[EventRounds "7"]
[EventCountry "ESP"]
[SourceTitle "EXT 2024"]
[Source "ChessBase"]
[SourceDate "2023.10.10"]
[SourceVersion "1"]
[SourceVersionDate "2023.10.10"]
[SourceQuality "1"]

1. e4 c5 2. Nf3 e6 3. Nc3 d6 4. d4 cxd4 5. Nxd4 Be7 6. Be2 Nf6 7. 0-0 0-0 8. Be3 Nc6 9. f4 Bd7 10. Qe1 Nxd4 11. Bxd4 Bc6 12. Qg3 g6 13. f5 e5 14. Be3 Nxe4 15. Nxe4 Bxe4 16. Bh6 Re8 17. Kh1 Kh8 18. Bc4 d5 19. Rad1 Bh4 20. Qg4 Rg8 21. f6 Bxf6 22. Bxd5 Bxd5 23. c4 Bxg2+ 24. Qxg2 Qe7 25. Qg4 Rad8 26. Rde1 g5 27. Re3 Rg6 28. Rh3 Qd7 29. Qh5 Qc6+ 30. Kg1 Be7 31. Bf8 Bc5+ 32. Bxc5 Qxc5+ 33. Kh1 h6 34. Rxf7 g4 35. Rf1 Qc6+ 36. Rhf3 gxf3 37. Qxe5+ Kg8 0-1

[Event "La Vila Region-ch"]
[Site "La Vila"]
[Date "2015.10.24"]
[Round "3.7"]
[White "Sanchez Dengra, Barbara"]
[Black "Riquelme Valero, Manuel Damian"]
[Result "1/2-1/2"]
[WhiteElo "1840"]
[BlackElo "2120"]
[PlyCount "54"]
[EventDate "2015.10.03"]
[EventType "swiss"]
[EventRounds "7"]
[EventCountry "ESP"]
[SourceTitle "EXT 2024"]
[Source "ChessBase"]
[SourceDate "2023.10.10"]
[SourceVersion "1"]
[SourceVersionDate "2023.10.10"]
[SourceQuality "1"]

1. e4 c6 2. d4 d5 3. e5 Bf5 4. Ne2 e6 5. Nbc3 Ne7 6. Ng3 Bg6 7. h4 h5 8. Be2 Nf5 9. Nxf5 exf5 10. Bg5 Be7 11. Bxe7 Qxe7 12. Qd2 Nd7 13. 0-0-0 Nf8 14. Bd3 Ne6 15. Ne2 0-0-0 16. c3 Bh7 17. Qc2 g6 18. Qd2 f6 19. f4 Rhe8 20. Bc2 Bg8 21. g3 Kb8 22. Rhe1 fxe5 23. fxe5 Rf8 24. Nf4 Nxf4 25. Qxf4 Be6 26. Rf1 Rc8 27. Kb1 Rcd8 1/2-1/2

[Event "La Vila Region-ch"]
[Site "La Vila"]
[Date "2015.10.03"]
[Round "1.10"]
[White "Sanchez Dengra, Barbara"]
[Black "Ramos Ferrandis, Juan Carlos"]
[Result "1/2-1/2"]
[WhiteElo "1840"]
[BlackElo "2062"]
[PlyCount "69"]
[EventDate "2015.10.03"]
[EventType "swiss"]
[EventRounds "7"]
[EventCountry "ESP"]
[SourceTitle "EXT 2024"]
[Source "ChessBase"]
[SourceDate "2023.10.10"]
[SourceVersion "1"]
[SourceVersionDate "2023.10.10"]
[SourceQuality "1"]

1. e4 c6 2. d4 d5 3. e5 Bf5 4. Ne2 e6 5. Nbc3 Ne7 6. Ng3 Bg6 7. h4 h5 8. Bg5 Qb6 9. Na4 Qa5+ 10. c3 Nf5 11. Nxf5 Bxf5 12. a3 b5 13. Nc5 Bxc5 14. dxc5 Qa4 15. b4 Qxd1+ 16. Kxd1 a5 17. Kd2 Nd7 18. Bf4 axb4 19. cxb4 Ke7 20. Be2 Ra7 21. Kc3 Rha8 22. Kb3 Bg6 23. Rhe1 f6 24. Bf3 fxe5 25. Bxe5 Nf6 26. Re3 Kf7 27. Kb2 Ng4 28. Bxg4 hxg4 29. Rg3 Rh8 30. Rxg4 Rh6 31. Rf4+ Kg8 32. Re1 Rf7 33. Rxf7 Kxf7 34. g3 Be4 35. f4 1/2-1/2

[Event "ESP-chT CECLUB Div2"]
[Site "Linares"]
[Date "2014.08.22"]
[Round "6.7"]
[White "Cobos Ceballos, Cristofer"]
[Black "Sanchez Dengra, Barbara"]
[Result "1/2-1/2"]
[WhiteElo "1866"]
[BlackElo "1947"]
[PlyCount "130"]
[EventDate "2014.08.18"]
[EventType "team-swiss"]
[EventRounds "6"]
[EventCountry "ESP"]
[SourceTitle "CBM 162 Extra"]
[Source "ChessBase"]
[SourceDate "2014.10.17"]
[SourceVersion "1"]
[SourceVersionDate "2014.10.17"]
[SourceQuality "1"]
[WhiteTeam "Promesas de Valladolid"]
[BlackTeam "Figueras Pacheco"]
[WhiteTeamCountry "ESP"]
[BlackTeamCountry "ESP"]

1. d4 d5 2. Nf3 Nf6 3. g3 Bf5 4. Bg2 c6 5. Nbd2 Nbd7 6. 0-0 h6 7. c4 e6 8. b3 Bd6 9. Bb2 0-0 10. a3 Re8 11. b4 dxc4 12. Nxc4 Bc7 13. Qb3 Be4 14. Ncd2 Bd5 15. Qc2 Bxf3 16. Nxf3 e5 17. dxe5 Nxe5 18. Nxe5 Bxe5 19. Bxe5 Rxe5 20. Rfd1 Qe7 21. e3 a5 22. Qb2 axb4 23. axb4 Rxa1 24. Rxa1 Rb5 25. Ra4 Nd5 26. Qc2 Nb6 27. Ra7 Qxb4 28. Rxb7 Nd5 29. Rd7 Qb1+ 30. Qxb1 Rxb1+ 31. Bf1 Nf6 32. Ra7 g6 33. Kg2 Rc1 34. Rc7 Kg7 35. Bb5 c5 36. Kf3 Rc3 37. Ke2 Rc2+ 38. Ke1 Nd5 39. Rc8 Nf6 40. Bd3 Rc3 41. Kd2 Ra3 42. Rxc5 Ra2+ 43. Rc2 Rxc2+ 44. Bxc2 Ng4 45. Ke2 Kf6 46. h3 Ne5 47. f4 Nd7 48. e4 g5 49. Kf3 gxf4 50. gxf4 Nf8 51. Kg4 Ne6 52. h4 h5+ 53. Kg3 Nc5 54. e5+ Ke6 55. Bd1 Nd7 56. Bb3+ Kf5 57. Bxf7 Nxe5 58. Bxh5 Nd3 59. Bg4+ Kf6 60. f5 Ne5 61. Bh3 Nf7 62. Kg4 Nh6+ 63. Kf4 Nxf5 64. Bxf5 Kg7 65. Kg5 Kh8 1/2-1/2

[Event "Benidorm op U2300 10th"]
[Site "Benidorm"]
[Date "2011.12.06"]
[Round "6"]
[White "Sanchez Dengra, Barbara"]
[Black "Codina Tormo, Julia"]
[Result "1/2-1/2"]
[WhiteElo "1874"]
[BlackElo "2033"]
[PlyCount "34"]
[EventDate "2011.12.02"]
[EventType "swiss"]
[EventRounds "10"]
[EventCountry "ESP"]
[SourceTitle "CBM 145 Extra"]
[Source "ChessBase"]
[SourceDate "2012.01.03"]
[SourceVersion "1"]
[SourceVersionDate "2012.01.03"]
[SourceQuality "1"]

1. e4 c5 2. Nf3 Nc6 3. d4 cxd4 4. Nxd4 g6 5. c4 Nf6 6. Nc3 Nxd4 7. Qxd4 d6 8. Be3 Bg7 9. Be2 0-0 10. Qd2 Be6 11. 0-0 Rc8 12. b3 a6 13. Rac1 Re8 14. f3 Qa5 15. Nd5 Qxd2 16. Bxd2 Bxd5 17. exd5 Nd7 1/2-1/2

[Event "Almansa op-B 5th"]
[Site "Almansa"]
[Date "2010.08.10"]
[Round "3.12"]
[White "Sanchez Dengra, Barbara"]
[Black "Perez Garcia, Jose Miguel"]
[Result "0-1"]
[WhiteElo "1793"]
[BlackElo "1988"]
[PlyCount "74"]
[EventDate "2010.08.09"]
[EventType "swiss"]
[EventRounds "9"]
[EventCountry "ESP"]
[SourceTitle "EXT 2024"]
[Source "ChessBase"]
[SourceDate "2023.10.10"]
[SourceVersion "1"]
[SourceVersionDate "2023.10.10"]
[SourceQuality "1"]

1. e4 c5 2. Nf3 e6 3. d4 cxd4 4. Nxd4 a6 5. Nc3 Qc7 6. Be2 b5 7. 0-0 Bb7 8. Re1 Be7 9. a3 d6 10. f4 Nf6 11. Bf3 0-0 12. e5 dxe5 13. Bxb7 Qxb7 14. fxe5 Nfd7 15. Qg4 Bc5 16. Kh1 Bxd4 17. Qxd4 Nc6 18. Qf4 Qc7 19. Qg3 Nd4 20. Qd3 Nf5 21. Bf4 Rfd8 22. Qh3 Nb6 23. Rad1 Nc4 24. Rxd8+ Rxd8 25. Bc1 Qc5 26. b4 Qf2 27. Rg1 Qxc2 28. Bg5 Rd3 29. Rc1 Qxc1+ 30. Bxc1 Rxh3 31. gxh3 Nxe5 32. Ne4 Nd7 33. Kg2 f6 34. Nc3 Kf7 35. a4 Nd6 36. Bf4 bxa4 37. Nxa4 e5 0-1

[Event "Valencia-ch (Women)"]
[Site "Valencia"]
[Date "2009.10.11"]
[Round "5.1"]
[White "Pastor Jorda, Ana Maria"]
[Black "Sanchez Dengra, Barbara"]
[Result "0-1"]
[WhiteElo "1645"]
[BlackElo "1791"]
[PlyCount "66"]
[EventDate "2009.10.08"]
[EventType "tourn"]
[EventRounds "5"]
[EventCountry "ESP"]
[SourceTitle "EXT 2024"]
[Source "ChessBase"]
[SourceDate "2023.10.10"]
[SourceVersion "1"]
[SourceVersionDate "2023.10.10"]
[SourceQuality "1"]

1. e4 c6 2. Nf3 d5 3. exd5 cxd5 4. Bb5+ Nc6 5. d4 Bg4 6. c3 e6 7. Bf4 Nf6 8. Nbd2 Qb6 9. Bxc6+ bxc6 10. Qb3 Qa6 11. h3 Bh5 12. Qc2 Be7 13. b3 Bg6 14. Qc1 Ba3 15. Qd1 Bb2 16. Ne5 Bxa1 17. Qxa1 0-0 18. Nxg6 hxg6 19. f3 Qd3 20. g4 Nd7 21. Qc1 e5 22. dxe5 Nxe5 23. Kf2 Rfe8 24. Re1 Nd7 25. c4 Nc5 26. cxd5 Qxd5 27. Rxe8+ Rxe8 28. Qc4 Nd3+ 29. Kg3 Re2 30. Qxd5 cxd5 31. a3 Nxf4 32. Kxf4 Rxd2 33. a4 Rb2 0-1